| 000 | 00767cam a22002533a 4500 | ||
|---|---|---|---|
| 001 | 26875 | ||
| 003 | PGUSA | ||
| 005 | 20140828083559.0 | ||
| 008 | 081124s2008||||xxu|||||s|||||000 1 eng d | ||
| 040 |
_aPGUSA _beng |
||
| 042 | _adc | ||
| 050 | 4 | _aPZ | |
| 100 | 1 | _aMaitland, Robert | |
| 245 | 1 | 4 |
_aThe Boy Scout Fire Fighters; Or Jack Danby's Bravest Deed _h[electronic resource] / _cRobert Maitland |
| 260 |
_bProject Gutenberg, _c2008 |
||
| 506 | _aPublic domain in the USA. | ||
| 516 | _aElectronic text | ||
| 653 | _aBoy Scouts -- Juvenile fiction | ||
| 653 | _aFire fighters -- Juvenile fiction | ||
| 653 | _aFire extinction -- Juvenile fiction | ||
| 830 | 0 |
_aProject Gutenberg _v26875 |
|
| 856 | 4 | 0 | _uhttp://www.gutenberg.org/ebooks/26875 |
| 942 | _cEB | ||
| 999 |
_c256130 _d256130 |
||